00474nam a22001457a 450000500170000000800410001702000180005805000240007610000230010024500970012325000130022026000320023330000410026552100220030620141111142917.0141111b xxu||||| |||| 00| 0 eng d a9789814604833 aQR 41.2b.T638 2014 aTortora, Gerard J. aMicrobiology : an introduction /cGerard J. Tortora, Berdell R. Funke and Christine L. Case. a11th ed. aBoston : bPearson,cc2014. a976 pages :billustrations ;c28 cm. aGeneral Education